[Event "Canada Day op U2000"]
[Site "Toronto"]
[Date "2001.07.01"]
[Round "4"]
[White "Gebhardt, David"]
[Black "Lukasek, Ladislav"]
[Result "1-0"]
[WhiteElo "1822"]
[BlackElo "1635"]
[PlyCount "35"]
[EventDate "2001.06.??"]
[EventType "swiss"]
[EventRounds "5"]
[EventCountry "CAN"]
[SourceTitle "EXT 2005"]
[Source "ChessBase"]
[SourceDate "2004.11.15"]
[SourceVersion "1"]
[SourceVersionDate "2004.11.15"]
[SourceQuality "1"]

1. e4 e5 2. Nf3 Nc6 3. Nc3 Bc5 4. Nxe5 Bxf2+ 5. Kxf2 Nxe5 6. d4 Ng6 7. Bc4 Qf6+ 8. Ke3 Qg5+ 9. Kd3 Qxg2 10. Nd5 Nf6 11. Nxc7+ Kd8 12. Nxa8 Qxe4+ 13. Kc3 Nd5+ 14. Kb3 b5 15. Bxb5 Re8 16. c3 Bb7 17. Bd2 Ne3 18. Bxe3 1-0